| 000 | 00461nam a22001697a 4500 | ||
|---|---|---|---|
| 005 | 20251108164936.0 | ||
| 008 | 250721s1995 xx 000 0 ara d | ||
| 082 | 1 | 4 | _a004/مغا |
| 100 | 1 | _aمغايري، مازن | |
| 245 | 1 | 0 | _aالكومبيوتر للمبتدئين / |
| 264 | 1 |
_a[د.م] : _bدار الرضوان، _c1995. |
|
| 300 | _a189ص. | ||
| 650 | 1 | 7 | _aالحواسيب |
| 650 | 1 | 7 | _aعلم الحاسوب |
| 942 |
_2ddc _cBK |
||
| 999 |
_c17986 _d17986 |
||